| 000 | 00467nam a2200193Ia 4500 | ||
|---|---|---|---|
| 003 | OSt | ||
| 005 | 20250708092700.0 | ||
| 008 | 210210b1988 xxu||||| |||| 00| 0 eng d | ||
| 040 | _cAL | ||
| 041 | _aeng | ||
| 082 | _a611.018 LEET | ||
| 100 |
_aThomas S Leeson and others _9211129 |
||
| 245 | _aText Atlas of histology | ||
| 260 |
_aLondon _bW B Saunders Co. _c1988 |
||
| 300 | _a745p. | ||
| 690 |
_aMedical Science _9211133 |
||
| 906 | _a047177 | ||
| 942 |
_2ddc _cBK |
||
| 999 |
_c96508 _d96508 |
||